000 nam a22 7a 4500
999 _c10110
_d10110
008 180212b ||||| |||| 00| 0 eng d
100 _aKhanna, B
_96129
245 _aAay bee general knowledge and i Q Test - VII
260 _aNew Delhi
_bAAY Bee Publication